[Event "Chicago op"]
[Site "Chicago"]
[Date "1994.??.??"]
[Round "2"]
[White "Abbasi, Nasser M"]
[Black "Tate, Emory"]
[Result "1-0"]
[WhiteElo "2275"]
[BlackElo "2350"]

1. e4 c5 2. Nf3 e6 3. d4 cxd4 4. Nxd4 Nf6 5. Bd3 Nc6 6. Nxc6 bxc6 7. c4 d5 8.  cxd5 cxd5 9. exd5 Qxd5 10. Nc3 Qxg2 11. Rf1 Qxh2 12. Qf3 Qe5+ 13. Be3 Rb8 14.  O-O-O Ba3 15. Bd4 Qg5+ 16. Kb1 Rxb2+ 17. Ka1 Bb7 18. Qe3 Qa5 19. Rb1 Nd5 20.  Qe5 Nxc3 21. Bxc3 Rxa2+ 22. Kxa2 Bd5+ 23. Rb3 Bd6+ 24. Bxa5 Bxe5 25. Bb4 f6 26.  f4 Bb8 27. Ka3 Bxb3 28. Kxb3 f5 29. Bc4 Kf7 30. Re1 Re8 31. Bb5 Rd8 32. Bc4  Bxf4 33. Rxe6 Rb8 34. Ka4 g6 35. Re4+ Kf6 36. Be7+ Kg7 37. Rxf4 Re8 38. Bc5 Kf6  39. Rd4 Kg5 40. Bxa7 h5 41. Rd6 Ra8 42. Ra6 f4 43. Bf7 Rxa7 44. Rxa7 Kf6 45.  Be8 h4 46. Ra6+ Kf5 47. Bxg6+ Kg4 48. Be4 Kg3 49. Rg6+ Kh2 50. Rg4 1-0

[Event "Mid American op"]
[Site "Chicago"]
[Date "1994.??.??"]
[Round "2"]
[White "Gurevich, Dmitry"]
[Black "Tate, Emory"]
[Result "1-0"]
[WhiteElo "2545"]
[BlackElo "2350"]

1. d4 Nf6 2. Nf3 g6 3. c4 c5 4. Nc3 Bg7 5. e4 O-O 6. Be2 Na6 7. O-O d6 8. Re1  cxd4 9. Nxd4 Ng4 10. Ndb5 Ne5 11. Be3 Be6 12. Nd5 Nc5 13. f3 Nc6 14. Qd2 a6 15.  Nbc3 Bd7 16. Rad1 Ne6 17. Bf1 Ned4 18. Ne2 e5 19. Bg5 f6 20. Be3 f5 21. Bg5 Qb8  22. Nb6 Qa7 23. c5 dxc5 24. Nxd7 Rfd8 25. Nxd4 Nxd4 26. Nf6+ Bxf6 27. Bxf6  Nxf3+ 28. gxf3 Rxd2 29. Bc4+ Kf8 30. Rxd2 b5 31. Bd5 c4+ 32. Kg2 Re8 33. Bg5  Qc7 34. Bh6+ Ke7 35. Rde2 Kf6 36. h4 f4 37. Rd1 Qa5 38. Red2 Rd8 39. b4 Qb6 40.  a4 Rd7 41. Bf8 Qd8 42. Bc5 Kg7 43. Bf2 a5 44. bxa5 b4 45. a6 b3 46. Bxc4 Rxd2  47. Rxd2 Qxd2 48. Bxb3 1-0

[Event "New York op"]
[Site "New York"]
[Date "1994.??.??"]
[Round "2"]
[White "Hjartarson, Johann"]
[Black "Tate, Emory"]
[Result "1-0"]
[WhiteElo "2595"]
[BlackElo "2350"]

1. e4 c5 2. Nf3 d6 3. d4 cxd4 4. Nxd4 Nf6 5. Nc3 a6 6. f4 Bg4 7. Nf3 Nbd7 8. e5  dxe5 9. fxe5 Bxf3 10. Qxf3 Nxe5 11. Qxb7 e6 12. Bf4 Rb8 13. Qxa6 Rb6 14. Qa4+  Ned7 15. Bb5 Bd6 16. Be3 O-O 17. O-O-O Qe7 18. Bxd7 Nxd7 19. Bxb6 Nxb6 20. Qc6  Bf4+ 21. Kb1 Rb8 22. Qe4 Bg5 23. Rd3 Qc7 24. Nb5 Qc5 25. a4 Bf6 26. Rf1 Nc4 27.  Rxf6 Qb4 28. Qd4 gxf6 29. b3 Rc8 30. Ka2 Ra8 31. Qxc4 Rxa4+ 32. Kb2 Qxc4 33.  bxc4 Rxc4 34. Kb3 Rc8 35. Rd7 Kg7 1-0

[Event "New York op"]
[Site "New York"]
[Date "1994.??.??"]
[Round "4"]
[White "Gross, Daniel"]
[Black "Tate, Emory"]
[Result "0-1"]
[WhiteElo "2040"]
[BlackElo "2350"]

1. e4 c5 2. Nf3 d6 3. d4 cxd4 4. Nxd4 Nf6 5. Nc3 a6 6. g3 Bg4 7. f3 e5 8. fxg4  exd4 9. Nd5 Nxd5 10. exd5 Qa5+ 11. Qd2 Qxd5 12. Bg2 Qc5 13. O-O Nc6 14. Bxc6+  bxc6 15. Qf4 Qd5 16. Re1+ Be7 17. Re4 g5 18. Qf5 Qxf5 19. gxf5 d5 20. Re2 Kd7  21. Bd2 Rab8 22. b3 Bf6 23. Rae1 c5 24. g4 h5 25. h3 hxg4 26. hxg4 c4 27. Rb1  Rh4 28. Rg2 d3 29. Be1 dxc2 30. Rc1 Bd4+ 31. Bf2 Rbh8 32. Kf1 Rh1+ 33. Rg1 Bxf2  34. Kxf2 R8h2+ 35. Ke3 d4+ 36. Kxd4 Rxg1 0-1

[Event "New York op"]
[Site "New York"]
[Date "1994.??.??"]
[Round "6"]
[White "Meier, T."]
[Black "Tate, Emory"]
[Result "0-1"]
[WhiteElo "2260"]
[BlackElo "2350"]

1. d4 Nf6 2. c4 c5 3. d5 b5 4. a4 bxc4 5. Nc3 Qa5 6. Bd2 d6 7. e3 Ba6 8. Nf3  Nbd7 9. Qc2 Qb6 10. Rd1 Rb8 11. Bc1 g6 12. h4 Bg7 13. h5 O-O 14. hxg6 hxg6 15.  Be2 Qb3 16. Qd2 Nb6 17. Ng5 Nxa4 18. Nxa4 Qxa4 19. Kf1 Qb4 20. e4 Qxd2 21. Rxd2  Ng4 22. Nf3 Bh6 23. Rxh6 Nxh6 24. Rc2 Ng4 25. Bd2 f5 26. Ng5 c3 27. Bxc3 fxe4  28. Bxa6 Ne3+ 29. Ke2 Nxc2 30. Nxe4 Nd4+ 31. Kd3 Nb5 32. Ba5 Rf5 33. Kc4 e6 0-1

[Event "World op 22nd"]
[Site "Philadelphia"]
[Date "1994.??.??"]
[Round "?"]
[White "Budnikov, Alexandar"]
[Black "Tate, Emory"]
[Result "1-0"]
[WhiteElo "2535"]
[BlackElo "2350"]

1. d4 Nf6 2. c4 c5 3. d5 b5 4. cxb5 a6 5. bxa6 Bxa6 6. Nc3 g6 7. Nf3 Bg7 8. e4  Bxf1 9. Kxf1 O-O 10. g3 e6 11. Kg2 exd5 12. e5 Ng4 13. Qxd5 Nc6 14. Re1 Nb4 15.  Qc4 Nxe5 16. Rxe5 Bxe5 17. Nxe5 Qe7 18. Nf3 d5 19. Nxd5 Qe6 20. Ne3 Qxc4 21.  Nxc4 Nc2 22. Rb1 Rxa2 23. Bd2 Ra4 24. Nb6 Ra6 25. Nd7 Rc8 26. Rc1 Rd6 27. Nde5  Nd4 28. Nxd4 Rxd4 29. Bc3 Rdd8 30. Ng4 Kf8 31. Nf6 h5 32. Ra1 Rd3 33. Ra7 Rcd8  34. Rc7 1-0

[Event "World op 21st"]
[Site "Philadelphia"]
[Date "1993.??.??"]
[Round "?"]
[White "Hoyos Millan, Luis Bernardo"]
[Black "Tate, Emory"]
[Result "0-1"]
[WhiteElo "2160"]
[BlackElo "2325"]

1. e4 c5 2. Nf3 d6 3. d4 Nf6 4. Nc3 cxd4 5. Nxd4 a6 6. f4 Bg4 7. Be2 e5 8. Nf3  Nbd7 9. h3 Bxf3 10. Bxf3 Rc8 11. O-O b5 12. a4 b4 13. Nd5 Nxd5 14. exd5 Qc7 15.  Be4 g6 16. fxe5 dxe5 17. Qf3 f5 18. Kh1 Be7 19. Bh6 fxe4 20. Qf7+ Kd8 21. d6  Qxd6 22. Rad1 Qc6 23. Bg7 Re8 24. Bf6 e3 0-1

[Event "World op 21st"]
[Site "Philadelphia"]
[Date "1993.??.??"]
[Round "3"]
[White "De Firmian, Nick E"]
[Black "Tate, Emory"]
[Result "1-0"]
[WhiteElo "2545"]
[BlackElo "2330"]

1. e4 c5 2. Nf3 d6 3. Nc3 Nf6 4. d4 cxd4 5. Nxd4 a6 6. Bc4 b5 7. Bb3 Bb7 8. O-O  Nbd7 9. Re1 g6 10. Bg5 Bg7 11. Nd5 h6 12. Bh4 O-O 13. c3 e6 14. Nxf6+ Nxf6 15.  f3 a5 16. Bf2 a4 17. Bc2 Qd7 18. Bd3 Bc6 19. Qe2 Rab8 20. a3 e5 21. Nxc6 Qxc6  22. Rad1 Rfd8 23. Rd2 h5 24. Red1 Bh6 25. Be3 Bxe3+ 26. Qxe3 Qb6 27. Kf2 Kf8  28. Be2 Ke7 29. h4 Ke6 30. g3 Qxe3+ 31. Kxe3 Ne8 32. f4 Nc7 33. f5+ gxf5 34.  exf5+ Kxf5 35. Rxd6 Rxd6 36. Rxd6 Ne8 37. Rd5 Nf6 38. Rxb5 Rxb5 39. Bxb5 Kg4  40. Bxa4 Kxg3 41. Bc6 Ng4+ 42. Ke2 f5 43. a4 e4 44. a5 Nf6 45. a6 f4 46. a7 f3+  47. Ke3 f2 48. Bb5 Nd5+ 49. Kxe4 Nc7 50. Bf1 Kxh4 51. Kf3 1-0

[Event "World op 21st"]
[Site "Philadelphia"]
[Date "1993.??.??"]
[Round "6"]
[White "Ftacnik, Lubomir"]
[Black "Tate, Emory"]
[Result "1/2-1/2"]
[WhiteElo "2535"]
[BlackElo "2330"]

1. d4 Nf6 2. Nf3 g6 3. c4 c5 4. d5 b5 5. cxb5 a6 6. bxa6 Bg7 7. Nc3 Bxa6 8. e4  Bxf1 9. Kxf1 O-O 10. g3 e6 11. Kg2 exd5 12. e5 Ng4 13. Nxd5 Nc6 14. Bg5 Qb8 15.  Ne7+ Nxe7 16. Bxe7 Rc8 17. Qxd7 Nxe5 18. Qd5 Nxf3 19. Qxf3 Bxb2 20. Rab1 c4 21.  Bf6 c3 22. Bxc3 Rxc3 23. Rxb2 Qc8 24. Qe4 Rc4 25. Qe2 Qc6+ 26. Qf3 Qxf3+ 27.  Kxf3 Ra3+ 28. Kg2 Kg7 1/2-1/2

[Event "New York op"]
[Site "New York"]
[Date "1993.??.??"]
[Round "3"]
[White "Privman, Boris"]
[Black "Tate, Emory"]
[Result "1/2-1/2"]
[WhiteElo "2280"]
[BlackElo "2325"]

1. d4 Nf6 2. c4 g6 3. Nc3 Bg7 4. e4 O-O 5. Be3 d6 6. f3 Na6 7. Qd2 c5 8. O-O-O  cxd4 9. Bxd4 Be6 10. Nd5 Nc5 11. h4 b5 12. Kb1 bxc4 13. Bxc4 Bxd5 14. Bxd5 Rb8  15. Ne2 Qc8 16. Rc1 Nxd5 17. Bxg7 Kxg7 18. Qxd5 Qa6 19. Qc4 Qb6 20. Rc2 Rfc8  21. h5 e5 22. h6+ Kg8 23. Rd1 a5 24. f4 Re8 25. Nc3 Qd8 26. Rcd2 Qh4 27. Rxd6  Rbc8 28. Nd5 Ne6 29. Rc6 Rb8 30. g3 Qh2 31. Nf6+ Kh8 32. Qc3 Red8 33. Rxd8+  Rxd8 34. Qxe5 Qxh6 35. Nh5+ Kg8 36. Rxe6 fxe6 37. Qxe6+ Kf8 38. Qf6+ Ke8 39.  Ng7+ Kd7 40. Qd4+ Kc8 41. Qc5+ Kb8 42. Qb6+ Kc8 1/2-1/2

[Event "New York op"]
[Site "New York"]
[Date "1993.04.10"]
[Round "6"]
[White "Alexopoulos, Georgios"]
[Black "Tate, Emory"]
[Result "1-0"]
[WhiteElo "2235"]
[BlackElo "2325"]

1. e4 c5 2. c3 b6 3. d4 Bb7 4. Bd3 Nf6 5. Qe2 cxd4 6. cxd4 Nc6 7. Nf3 Nb4 8.  Nc3 Nxd3+ 9. Qxd3 a5 10. a4 e6 11. O-O Bb4 12. Bg5 Bxc3 13. Bxf6 Qxf6 14. bxc3  Ba6 15. c4 O-O 16. d5 Rac8 17. Nd2 Rc5 18. Rab1 exd5 19. exd5 Rfc8 20. Ne4 Qe7  21. Nxc5 Qxc5 22. Qe3 Bxc4 23. Rfc1 Qxd5 24. Qxb6 Rf8 25. Rd1 Qf5 26. Qd6 Qc2  27. Qxd7 Be2 28. Rdc1 Qg6 29. Rb2 Bf3 30. Qh3 Bg4 31. Qg3 Bd7 32. Qxg6 hxg6 33.  Rc4 Re8 34. f3 Re1+ 35. Kf2 Ra1 36. Rb8+ Kh7 37. Rh4# 1-0

[Event "New York op"]
[Site "New York"]
[Date "1993.??.??"]
[Round "8"]
[White "Feldman, Steven"]
[Black "Tate, Emory"]
[Result "0-1"]
[WhiteElo "2285"]
[BlackElo "2325"]

1. d4 Nf6 2. c4 c5 3. d5 b5 4. cxb5 a6 5. b6 a5 6. Nc3 Ba6 7. e4 Bxf1 8. Kxf1  d6 9. f4 Qxb6 10. e5 Nfd7 11. Nf3 e6 12. g3 dxe5 13. fxe5 Be7 14. Kg2 O-O 15.  Qe2 Qb7 16. Rd1 Ra6 17. Bf4 Rb6 18. b3 Re8 19. d6 Bf8 20. Qe4 Nc6 21. Ng5 g6  22. Kh3 Bg7 23. Nf3 h6 24. Rac1 Rb4 25. Qe3 g5 26. Bxg5 hxg5 27. Qxg5 Nd4 28.  Nxd4 Rxd4 29. Rxd4 cxd4 30. Ne2 Nxe5 0-1

[Event "World op"]
[Site "Philadelphia"]
[Date "1992.??.??"]
[Round "9"]
[White "Belopolsky, Boris"]
[Black "Tate, Emory"]
[Result "1-0"]
[WhiteElo "2270"]
[BlackElo "2300"]

1. e4 e6 2. Nf3 d5 3. e5 c5 4. b4 cxb4 5. d4 Bd7 6. h4 Qb6 7. h5 h6 8. a3 Bb5  9. axb4 Bxf1 10. Kxf1 Bxb4 11. Kg1 Nc6 12. Rh4 Bf8 13. Na3 a6 14. Rb1 Qc7 15.  c4 Nge7 16. c5 Nf5 17. Rf4 g5 18. hxg6 fxg6 19. Qb3 O-O-O 20. g4 g5 21. gxf5  gxf4 22. f6 Qh7 23. Bxf4 Rd7 24. Qc2 Qe4 25. Qxe4 dxe4 26. Nc4 Rd8 27. d5 exf3  28. dxc6 Rg8+ 29. Kf1 bxc6 30. Nd6+ Bxd6 31. exd6 e5 32. Bxe5 Rg5 33. Re1 Rf8  34. Re3 Rf5 35. Bb2 Rf7 36. Ke1 Rxc5 37. Re7 Rxe7+ 38. dxe7 Kd7 39. f7 Kxe7 40.  Ba3 Kxf7 41. Bxc5 Ke6 42. Kd2 Kf5 43. Bd6 h5 44. Ke3 Kg4 45. Bb4 h4 46. Ke4 h3  47. Bd6 a5 48. Kd4 a4 49. Kc4 Kf5 50. Kb4 Ke4 51. Kxa4 Kd3 52. Kb4 Ke2 53. Bg3  Kf1 1-0

[Event "World op"]
[Site "Philadelphia"]
[Date "1992.??.??"]
[Round "7"]
[White "Malaniuk, Vladimir P"]
[Black "Tate, Emory"]
[Result "1-0"]
[WhiteElo "2550"]
[BlackElo "2300"]

1. d4 Nf6 2. Nf3 c5 3. e3 g6 4. c3 b6 5. dxc5 bxc5 6. e4 Bg7 7. Bd3 Nc6 8. O-O  Rb8 9. Re1 Qc7 10. h3 O-O 11. Nbd2 d5 12. exd5 Nxd5 13. Qa4 Nf4 14. Bf1 e5 15.  Nb3 Ne6 16. Ng5 Ncd8 17. Qh4 Nxg5 18. Bxg5 Ne6 19. Bf6 h6 20. Bxg7 Kxg7 21. Qe4  f6 22. Rad1 Nf4 23. Qc4 Be6 24. Qxc5 Qf7 25. Rd2 g5 26. Qe3 h5 27. Nc5 Bc8 28.  Red1 Re8 29. b3 g4 30. h4 Ng6 31. Bc4 Qf8 32. Nd7 Bxd7 33. Rxd7+ Re7 34. Qxa7  Ra8 35. Qc7 Rae8 36. Rxe7+ Rxe7 37. Rd7 Rxd7 38. Qxd7+ Kh6 39. g3 Qa8 40. Qf5  Kg7 41. Bd3 Nf8 42. Qxh5 Qxa2 43. Qxg4+ Kh6 1-0

[Event "New York op"]
[Site "New York"]
[Date "1992.??.??"]
[Round "8"]
[White "Fedorov, Vladislav"]
[Black "Tate, Emory"]
[Result "1-0"]
[WhiteElo "2395"]
[BlackElo "2300"]

1. e4 c5 2. Nf3 e6 3. c3 d5 4. exd5 exd5 5. d4 Nf6 6. Bb5+ Bd7 7. Bxd7+ Nbxd7  8. O-O Be7 9. dxc5 Nxc5 10. Nd4 Qd7 11. Bg5 O-O 12. Nd2 Rfe8 13. N2f3 Nce4 14.  Bxf6 Bxf6 15. Qd3 a6 16. Rad1 Rad8 17. a3 g6 18. Rfe1 Re7 19. Re2 Nc5 20. Rxe7  Qxe7 21. Qd2 Qe4 22. Nc2 d4 23. cxd4 Ne6 24. d5 Nf4 25. d6 Rd7 1-0

[Event "New York op"]
[Site "New York"]
[Date "1992.??.??"]
[Round "6"]
[White "Fedorowicz, John P"]
[Black "Tate, Emory"]
[Result "1-0"]
[WhiteElo "2530"]
[BlackElo "2300"]

1. e4 c5 2. Nf3 d6 3. d4 cxd4 4. Nxd4 Nf6 5. Nc3 a6 6. a4 b6 7. g3 Bb7 8. Bg2  e6 9. O-O Qc7 10. g4 g6 11. f4 Nbd7 12. g5 Nh5 13. f5 e5 14. Nb3 h6 15. Nd5 Qc4  16. fxg6 fxg6 17. Rf3 Bxd5 18. Rc3 hxg5 19. Rxc4 Bxc4 20. Bxg5 Be7 21. Be3 g5  22. Nd2 Be6 23. Nf1 Nf4 24. Ng3 Rh6 25. Nf5 Bxf5 26. exf5 O-O-O 27. Bxf4 exf4  28. Qd5 Rdh8 29. Qb7+ Kd8 30. Bc6 1-0

[Event "Giessen op"]
[Site "Giessen"]
[Date "1991.??.??"]
[Round "4"]
[White "Schlesinger, Omri"]
[Black "Tate, Emory"]
[Result "1-0"]
[WhiteElo "2255"]
[BlackElo "2335"]

1. e4 c5 2. Nc3 Nc6 3. g3 g6 4. Bg2 Bg7 5. d3 d6 6. f4 e6 7. Nf3 Nge7 8. O-O  Rb8 9. Rb1 b5 10. a3 a5 11. Bd2 b4 12. axb4 axb4 13. Ne2 Ba6 14. b3 Qb6 15. Kh1  Na7 16. Bc1 Nec6 17. Bb2 Nd4 18. Nfxd4 cxd4 19. f5 e5 20. Ng1 Rc8 21. Nf3 gxf5  22. Nh4 fxe4 23. Qh5 Rc7 24. Bxe4 Bb7 25. Rbe1 Nb5 26. Bc1 Bxe4+ 27. Rxe4 Nc3  28. Nf5 Bf8 29. Ree1 Nd5 30. Bh6 Bxh6 31. Qxh6 f6 32. Ra1 Qc6 33. Nxd6+ Kd7 34.  Ne4 Kc8 35. Ra5 Rd8 36. Rfa1 Nb6 37. Rc5 Qe6 38. Rxc7+ Kxc7 39. Ra7+ Kb8 40.  Rb7+ Kc8 41. Rxh7 Nd5 42. Qg7 Qc6 43. Kg1 f5 44. Nd2 Ne3 45. Nf3 f4 46. Qxe5  Re8 47. Rc7+ Qxc7 48. Qxe8+ Kb7 49. Nxd4 Qc3 50. Qb5+ Kc7 51. Qc4+ Nxc4 52.  Nb5+ Kc6 53. Nxc3 Ne3 54. Ne2 fxg3 55. h4 Kd5 56. c3 bxc3 57. Nxc3+ Kc5 58. h5  Nf5 59. Ne4+ Kb4 60. Nxg3 Nh6 61. Kf2 Kxb3 62. Ke3 Kb4 63. Ke4 Ng4 64. Kf5 Nh6+  65. Kg5 Nf7+ 66. Kf6 Nh6 67. Nf5 Ng4+ 68. Ke6 Kb5 1-0

[Event "Berliner Sommer 9th"]
[Site "Berlin"]
[Date "1991.??.??"]
[Round "?"]
[White "Gausel, Einar"]
[Black "Tate, Emory"]
[Result "1-0"]
[WhiteElo "2425"]
[BlackElo "2335"]

1. d4 Nf6 2. c4 g6 3. Nc3 Bg7 4. e4 O-O 5. Nf3 c5 6. Be2 d6 7. O-O Na6 8. d5  Nc7 9. Bf4 b5 10. cxb5 a6 11. a4 axb5 12. axb5 Rb8 13. Ra7 Nh5 14. Bg5 h6 15.  Be3 Bd7 16. e5 Bxb5 17. g4 Qc8 18. gxh5 Qg4+ 19. Kh1 Bxe2 20. Qxe2 Rxb2 21. Rg1  Qxh5 22. Qxb2 Qxf3+ 23. Rg2 Bxe5 24. Qe2 Qxe2 25. Nxe2 Nxd5 26. Bxh6 Rb8 27. f4  Bd4 28. Nxd4 cxd4 29. Rg1 Ne3 30. Rxe7 Nf5 31. Bg5 d3 32. Rd1 Rb3 33. Bf6 Nxe7  34. Bxe7 d5 35. Bf6 Kf8 36. Kg2 Ke8 37. h4 Kd7 38. f5 Kc6 39. fxg6 fxg6 40. Kf3  Kb5 41. Ke3 d2+ 42. Kd4 Kc6 43. Rxd2 Rb4+ 44. Kc3 Rc4+ 45. Kd3 Rg4 46. Ke3 Re4+  47. Kf3 Kd6 48. Rg2 Ke6 49. Rxg6 Kf5 50. Rh6 Rb4 51. Bg5 Rb3+ 52. Ke2 Rh3 53.  Rf6+ Ke5 54. Rf3 Rh2+ 55. Rf2 Rh3 56. Kf1 1-0

[Event "World op"]
[Site "Philadelphia"]
[Date "1991.??.??"]
[Round "?"]
[White "Gurevich, Ilya"]
[Black "Tate, Emory"]
[Result "1-0"]
[WhiteElo "2455"]
[BlackElo "2335"]

1. e4 c5 2. Nf3 d6 3. d4 cxd4 4. Nxd4 Nf6 5. Nc3 a6 6. a4 e5 7. Nf3 h6 8. Bc4  Qc7 9. Bb3 Be6 10. O-O Nc6 11. Nh4 Bxb3 12. cxb3 g6 13. f4 Be7 14. Kh1 Rd8 15.  Be3 O-O 16. Qe1 Kg7 17. Nf3 Qa5 18. Nd2 exf4 19. Bxf4 Nb4 20. Qe2 Qh5 21. Nf3  Rfe8 22. Rae1 Bf8 23. h3 Rd7 24. Qd2 a5 25. Nd4 Kg8 26. Ndb5 Nc6 27. Bh2 Re6  28. Qf4 Qc5 29. Rd1 Nh5 30. Qg4 Ne5 31. Qe2 Nc6 32. Nd5 Nb4 33. Qg4 Bg7 34. Rc1  Nc2 35. Qd1 Ne3 36. Rxc5 dxc5 37. Nxe3 Rxd1 38. Rxd1 Rxe4 39. Nc4 Re2 40. Nxa5  Rxb2 41. Nxb7 Rxb3 42. a5 Rxb5 43. a6 Rb2 44. a7 Ra2 45. Rd8+ Kh7 46. a8=Q Rxa8  47. Rxa8 c4 48. Rc8 c3 49. Nd6 1-0

[Event "World op"]
[Site "Philadelphia"]
[Date "1990.??.??"]
[Round "2"]
[White "Christensen, J."]
[Black "Tate, Emory"]
[Result "1/2-1/2"]
[WhiteElo "2275"]
[BlackElo "2350"]

1. d4 Nf6 2. c4 c5 3. d5 b5 4. cxb5 a6 5. e3 g6 6. Nc3 d6 7. Nf3 Bg7 8. a4 O-O  9. Be2 axb5 10. Bxb5 Ba6 11. Bxa6 Nxa6 12. O-O Nb4 13. e4 Nd7 14. Qe2 Nb6 15.  Bg5 h6 16. Bh4 Ra5 17. Rfc1 Qd7 18. b3 e6 19. dxe6 Qxe6 20. Rab1 g5 21. Bg3  Bxc3 22. Rxc3 f5 23. h4 fxe4 24. hxg5 Qg4 25. Nd4 Qxe2 26. Nxe2 d5 27. Bc7 Ra6  28. Bxb6 Rxb6 29. Rxc5 Rd6 1/2-1/2

[Event "World op"]
[Site "Philadelphia"]
[Date "1990.??.??"]
[Round "4"]
[White "Hellers, Ferdinand"]
[Black "Tate, Emory"]
[Result "1-0"]
[WhiteElo "2525"]
[BlackElo "2350"]

1. e4 c5 2. Nf3 d6 3. d4 cxd4 4. Nxd4 Nf6 5. Nc3 Nc6 6. Bg5 Bd7 7. Qd2 Nxd4 8.  Qxd4 Qa5 9. f4 Rc8 10. e5 dxe5 11. fxe5 Bc6 12. b4 Qc7 13. exf6 gxf6 14. Nb5  Qb8 15. Be3 e5 16. Qxa7 Bxb4+ 17. Kf2 Rg8 18. Qxb8 Rxb8 19. Rb1 Be7 20. Rg1 f5  21. Na7 Bd7 22. g3 f4 23. gxf4 Bh4+ 24. Kf3 Bg4+ 25. Rxg4 e4+ 26. Kg2 Rxg4+ 27.  Kh3 Bf2 28. Kxg4 Bxe3 29. Nc6 Ra8 30. Rxb7 Rxa2 31. Bb5 1-0

[Event "World op"]
[Site "Philadelphia"]
[Date "1990.??.??"]
[Round "6"]
[White "Fang, Joseph"]
[Black "Tate, Emory"]
[Result "1-0"]
[WhiteElo "2295"]
[BlackElo "2350"]

1. e4 c5 2. c3 b6 3. d4 Bb7 4. Bd3 f5 5. f3 e6 6. exf5 Qh4+ 7. g3 Qh5 8. fxe6  Nf6 9. Bf4 Be7 10. Bxb8 Rxb8 11. exd7+ Nxd7 12. Be4 Bxe4 13. fxe4 Qg6 14. Qe2  cxd4 15. cxd4 Bb4+ 16. Nc3 Rc8 17. Rc1 Qf7 18. Nf3 Qxa2 19. Rc2 Qa1+ 20. Qd1  Qa6 21. Qe2 Qa1+ 22. Qd1 Qa5 23. O-O Bxc3 24. bxc3 O-O 25. c4 Qa3 26. e5 Qb3  27. Qe2 b5 28. c5 Qd5 29. Qe3 b4 30. Rb2 a5 31. Qb3 Qxb3 32. Rxb3 Rb8 33. Ra1  Rb5 34. Nd2 Nb8 35. e6 Rd8 36. Nc4 Nc6 37. Nd6 Rbb8 38. d5 Ne7 39. Rxa5 Ra8 40.  Rxa8 Rxa8 41. Rxb4 Nxd5 42. Rb7 Kf8 43. Rf7+ Kg8 44. c6 g6 45. c7 Nb6 46. Ne4  1-0

[Event "NATO-ch"]
[Site "Germany"]
[Date "1989.??.??"]
[Round "?"]
[White "Becker, Marc"]
[Black "Tate, Emory"]
[Result "0-1"]
[WhiteElo "2300"]
[BlackElo "2345"]

1. c4 g6 2. Nc3 Bg7 3. g3 e5 4. Bg2 d6 5. d3 Nc6 6. Rb1 f5 7. e3 Nf6 8. Nge2 a5  9. a3 h6 10. b4 axb4 11. axb4 Ne7 12. Nd5 Nfxd5 13. cxd5 b5 14. O-O O-O 15. Qb3  Qe8 16. Bb2 Qf7 17. Ba1 Bb7 18. Nc3 f4 19. e4 f3 20. Bh3 Bc8 21. Bxc8 Nxc8 22.  Rfc1 Qd7 23. Qd1 h5 24. Qf1 h4 25. Rc2 Ne7 26. Bb2 g5 27. Bc1 Bh6 28. d4 hxg3  29. hxg3 exd4 30. Nxb5 Qg4 31. Nxd4 Rf7 32. Bb2 Bg7 33. Nxf3 Qxf3 34. Bxg7 Kxg7  35. Rxc7 Ra2 36. Qg2 Qxg2+ 37. Kxg2 Raxf2+ 38. Kg1 Ng6 39. Rxf7+ Rxf7 40. Ra1  Kf6 41. Rf1+ 0-1

[Event "NATO-ch"]
[Site "Germany"]
[Date "1989.??.??"]
[Round "?"]
[White "Schlosser, Philipp"]
[Black "Tate, Emory"]
[Result "1/2-1/2"]
[WhiteElo "2420"]
[BlackElo "2345"]

1. d4 Nf6 2. Nf3 c5 3. d5 g6 4. Nc3 Bg7 5. e4 O-O 6. Be2 d6 7. O-O a6 8. a4 e5  9. Nd2 Nbd7 10. a5 b5 11. axb6 Nxb6 12. Nb3 Kh8 13. Bg5 Qc7 14. Na5 Bd7 15. Qd2  Ng8 16. Nc6 f5 17. exf5 gxf5 18. Rxa6 Rxa6 19. Bxa6 Nxd5 20. Nxd5 Qxc6 21. Bc4  Qb7 22. b3 Bc6 23. Rd1 f4 24. f3 Bh6 25. Bh4 Qg7 26. Qe2 Bg5 27. Bxg5 Qxg5 28.  Nc3 Qe7 29. Qd3 Rd8 30. Bd5 Be8 31. Bxg8 Kxg8 32. Nd5 Qg5 33. c4 Bg6 34. Qc3  Kg7 35. Qd2 Qf5 36. b4 Qc2 37. Qxc2 Bxc2 38. Rc1 Bf5 39. b5 Be6 40. Nc7 Kf7 41.  Kf2 1/2-1/2

[Event "US op"]
[Site "Chicago"]
[Date "1989.??.??"]
[Round "6"]
[White "Browne, Walter S"]
[Black "Tate, Emory"]
[Result "1-0"]
[WhiteElo "2535"]
[BlackElo "2345"]

1. d4 Nf6 2. c4 g6 3. Nc3 Bg7 4. e4 O-O 5. Nf3 c5 6. Be2 cxd4 7. Nxd4 Nc6 8.  Be3 d6 9. O-O Nd7 10. Rc1 a5 11. Qd2 Nc5 12. f3 a4 13. Rfd1 Bd7 14. Ndb5 b6 15.  Nd5 Kh8 16. Bf1 Ne5 17. Nbc3 f5 18. Bg5 Rf7 19. Nxe7 Rxe7 20. Nd5 Bf8 21. Bf6+  Kg8 22. Nxe7+ Bxe7 23. Qd5+ Kf8 24. Bxe7+ Qxe7 25. Qxa8+ Kg7 26. Qd5 Qg5 27.  Rc3 fxe4 28. fxe4 Qf4 29. Qd4 Nxe4 30. Bd3 Bf5 31. Bxe4 Bxe4 32. Re1 a3 33.  bxa3 1-0

[Event "NATO-ch 10th"]
[Site "Aalborg"]
[Date "1987.??.??"]
[Round "1"]
[White "Moen, Ole Christian"]
[Black "Tate, Emory"]
[Result "0-1"]
[WhiteElo "2320"]
[BlackElo "2295"]

1. Nf3 g6 2. g3 Bg7 3. Bg2 e5 4. d3 d6 5. c4 f5 6. Nc3 Nf6 7. Rb1 h6 8. O-O a5  9. d4 e4 10. Ne1 O-O 11. Nc2 c6 12. b3 d5 13. f3 Kh7 14. Bf4 Be6 15. fxe4 Nxe4  16. Nxe4 fxe4 17. cxd5 Qxd5 18. Be3 Nd7 19. Qd2 Nf6 20. Bf2 Rad8 21. Rbd1 Qh5  22. Ne3 Rxd4 23. Qxd4 Ng4 24. Nxg4 Bxd4 25. Bxd4 Rxf1+ 26. Rxf1 Qxg4 27. Rf8  Bg8 28. Re8 Qd7 29. Rxe4 Bd5 30. Rf4 g5 31. Be4+ Kg8 32. Bf5 Be6 33. Bxe6+ Qxe6  34. Rf2 a4 35. bxa4 Qxa2 36. e3 Qxa4 37. Rf6 Qd1+ 38. Kf2 c5 0-1

[Event "NATO-ch 10th"]
[Site "Aalborg"]
[Date "1987.??.??"]
[Round "6"]
[White "Bartels, Hans A"]
[Black "Tate, Emory"]
[Result "1/2-1/2"]
[WhiteElo "2315"]
[BlackElo "2295"]

1. d4 Nf6 2. Nf3 c5 3. d5 e6 4. c4 exd5 5. cxd5 d6 6. Nc3 g6 7. Nd2 Nbd7 8. e4  Bg7 9. Nc4 Nb6 10. Ne3 O-O 11. Bd3 Re8 12. O-O c4 13. Bc2 a6 14. a4 Qc7 15. Qe2  Bd7 16. a5 Nc8 17. Qxc4 Qxc4 18. Nxc4 Bb5 19. Nxb5 axb5 20. Nd2 Nb6 21. Bd3 Nc4  22. Bxc4 bxc4 23. Nxc4 Rxe4 24. Nb6 Rae8 25. Bd2 Re2 26. Bc3 Ne4 27. Bxg7 Kxg7  28. b4 Rb2 29. Rab1 Rxb1 30. Rxb1 Nc3 31. Ra1 Re4 32. Nc8 1/2-1/2

[Event "Reykjavik op"]
[Site "Reykjavik"]
[Date "2007.04.13"]
[Round "3"]
[White "Kjartansson, Gudmundur"]
[Black "Tate, Emory"]
[Result "0-1"]
[WhiteElo "2279"]
[BlackElo "2406"]

1. e4 Nc6 2. Nf3 d6 3. d4 Nf6 4. Nc3 Bg4 5. d5 Nb8 6. Be3 Nbd7 7. Be2 g6 8. Qd2  c6 9. h3 Bxf3 10. gxf3 cxd5 11. exd5 Bg7 12. O-O-O Rc8 13. Bh6 Bxh6 14. Qxh6  Rxc3 15. bxc3 Qa5 16. Bc4 Qxc3 17. Bb3 Qxf3 18. Qe3 Qxe3+ 19. fxe3 Ne4 20. Rd4  Ndc5 21. Bc4 Ng3 22. Re1 f5 23. Bd3 Kf7 24. Kd2 Kf6 25. Rg1 Nh5 26. Rh4 Rc8 27.  c4 Rc7 28. e4 f4 29. Kc3 e5 30. dxe6 Nxe6 31. Rhg4 Ke5 32. h4 Nf6 33. R4g2 a6  34. a4 Nc5 35. Rg5+ Ke6 36. Kd4 Nfd7 37. h5 Ne5 38. hxg6 Ncxd3 39. Rxe5+ Nxe5  40. g7 Rxc4# 0-1

[Event "Reykjavik op"]
[Site "Reykjavik"]
[Date "2007.04.18"]
[Round "8"]
[White "Edvardsson, Kristjan"]
[Black "Tate, Emory"]
[Result "1-0"]
[WhiteElo "2252"]
[BlackElo "2406"]

1. Nf3 d5 2. d4 Bf5 3. c4 e6 4. Qb3 Nc6 5. c5 Bxb1 6. Rxb1 Qc8 7. Bf4 Nf6 8. e3  Ne7 9. h3 Ng6 10. Bh2 Be7 11. Qa4+ c6 12. b4 b5 13. Qc2 Bd8 14. a4 a6 15. Ra1  Ne4 16. Bd3 f5 17. O-O O-O 18. Ra2 Bc7 19. Bxc7 Qxc7 20. Rfa1 Rae8 21. axb5  axb5 22. Ra7 Qc8 23. R1a3 h6 24. Ne5 Nxe5 25. dxe5 Rf7 26. Rxf7 Kxf7 27. f3 Ng5  28. h4 Nh7 29. g4 Qd8 30. Ra7+ Kg8 31. Qf2 Qb8 32. Ra3 Qxe5 33. f4 Qf6 34. g5  Qg6 35. Ra6 hxg5 36. fxg5 Rc8 37. Qf4 Qh5 38. Ra7 Kh8 39. Re7 Ra8 40. Rxe6 Nf8  41. Rxc6 Ng6 42. Qxf5 Nxh4 43. Rc8+ 1-0